000 00344nam a2200145Ia 4500
008 150301s2014 xx 000 0 und d
082 _a610.7362
_bP14D
100 _aDATTA, PARUL
245 _aPEDIATRIC NURSING
250 _a3RD
260 _bJAYPEE MEDICAL PUB.
_c2014
300 _a506
650 _aPEDIATRIC NURSING
942 _2ddc
_cBK
_050
999 _c6842
_d6842